| 000 | 00597nam a22001815i 4500 | ||
|---|---|---|---|
| 001 | 48689 | ||
| 003 | ES-MaACL | ||
| 005 | 20250907063042.0 | ||
| 007 | t| | ||
| 008 | 950728s1885 sp ||||1| spa d | ||
| 040 |
_aCAM _bspa _cCAM |
||
| 100 | 1 |
_aDíaz y Pérez, Nicolás, _d1841-1902 _944467 |
|
| 245 | 1 | 3 |
_aEl poder temporal de los papas en el siglo XIX / _cpor Nicolás Diaz y Pérez. |
| 260 |
_aMadrid : _b[s.n.], _c1885 ( _fEstablecimiento tipográfico de Ulpiano Gómez) |
||
| 300 |
_aXIII, [1] en bl., 186 p. ; _c19 cm. |
||
| 852 |
_aES-MaACL _jG-12302 |
||
| 999 |
_c48689 _d48689 |
||